Tín dụng và nghiệp vụ ngân hàng thương mại

Guardat en:
Dades bibliogràfiques
Format: Llibre
Idioma:Undetermined
Publicat: Thành phố Hồ Chí Minh Nhà xuất bản Thành phố Hồ Chí Minh 1996
Matèries:
Etiquetes: Afegir etiqueta
Sense etiquetes, Sigues el primer a etiquetar aquest registre!
Thư viện lưu trữ: Trung tâm Học liệu Trường Đại học Cần Thơ
LEADER 00597nam a2200169Ia 4500
001 CTU_23840
008 210402s9999 xx 000 0 und d
082 |a 332.1 
082 |b T311 
245 0 |a Tín dụng và nghiệp vụ ngân hàng thương mại 
245 0 |c Nguyễn Đăng Dờn, Hoàng Đức (Biên soạn) 
260 |a Thành phố Hồ Chí Minh 
260 |b Nhà xuất bản Thành phố Hồ Chí Minh 
260 |c 1996 
650 |a Banks and banking,Credit 
904 |i Phượng 
980 |a Trung tâm Học liệu Trường Đại học Cần Thơ